| 000 | 00505nam a2200205Ia 4500 | ||
|---|---|---|---|
| 008 | 160319s9999 xx 000 0 und d | ||
| 020 | _a9715980325 | ||
| 050 | _a808.1 | ||
| 050 | _bR172u 2006 | ||
| 100 | _aRamirez, Romulo A. | ||
| 245 | _aUndying poems : | ||
| 245 | _binspiring people ... to ponder! / | ||
| 245 | _cRomulo A. Ramirez | ||
| 260 | _aManila : | ||
| 260 | _b827 Pub., | ||
| 260 | _c2006 | ||
| 300 | _a88 p. ; | ||
| 300 | _c18 cm. | ||
| 650 | _aPhilippine poetry (English) | ||
| 999 |
_c292169 _d292169 |
||